|
|
|
|
| LEADER |
00000cam a2200000 a 4500 |
| 001 |
vtls008354337 |
| 003 |
SK-MaSNL |
| 005 |
20260302052611.0 |
| 008 |
240315s1975 xo f 000 0 slo |
| 015 |
|
|
|a SNBA1975
|
| 035 |
|
|
|a SK01SNK19750046554
|
| 035 |
|
|
|a SKM000049017
|
| 040 |
|
|
|a SNK
|b slo
|c SNK
|e AACR2
|
| 041 |
0 |
|
|a slo
|
| 044 |
|
|
|a xo
|c SK
|
| 080 |
|
|
|a 373.5/.6:371.671:006"1975/1976"(083.81)
|2 1981
|
| 080 |
|
|
|a 006:371.671:373.5/.6"1975/1976"(083.81)
|2 1981
|
| 080 |
|
|
|a 371.671"1975/1976"(083.81)
|2 1981
|
| 100 |
1 |
|
|a Špačková, Terézia
|4 aut
|9 61086
|
| 245 |
1 |
0 |
|a Norma učebníc a učebných textov pre odborné učilištia a učňovské školy
|b šk. r. 1975/76 : [stredné priemyselné školy]
|c vypracovala: Terézia Špačková
|
| 250 |
|
|
|a [1. vyd.]
|
| 260 |
|
|
|a Bratislava
|b Slovenské pedagogické nakladateľstvo
|b Ústav školských informácií
|c 1975
|
| 300 |
|
|
|a 174 s.
|c 4°
|
| 500 |
|
|
|a Vyd. Ústav školských informácií v Bratislave
|
| 648 |
|
7 |
|a 1975-1976
|2 SNKPH
|9 492440
|
| 650 |
0 |
7 |
|a učebnice
|2 SNKPH
|9 74147
|
| 650 |
0 |
7 |
|a stredné priemyselné školy
|2 SNKPH
|9 73924
|
| 650 |
0 |
7 |
|a stredné odborné učilištia
|2 SNKPH
|9 30904
|
| 655 |
|
7 |
|a zoznamy
|2 SNKPH
|9 29645
|
| 958 |
|
|
|a OND
|
| 999 |
|
|
|c 1105877
|d 1107807
|
| 952 |
|
|
|a SNK
|b SNK
|y PREZ
|7 0
|p 17A0924340
|o snkSB 22511
|i snkKSP 6006/75
|0 0
|1 0
|4 0
|d 2014-06-13
|f 1
|l 0
|r 2025-03-26 00:00:00
|w 2026-02-24
|
| 952 |
|
|
|a SNK
|b SNK
|y VYP
|7 0
|o snkSB 22511 D1
|i snkKSP 6007/75
|0 0
|1 0
|4 0
|d 2014-06-13
|l 0
|r 2026-02-24 17:44:56
|w 2026-02-24
|